书目信息 |
| 题名: |
京城风韵
|
|
| 作者: | 刘圣辉 摄影 ;悠悠 撰文 | |
| 分册: | ||
| 出版信息: | 沈阳 科学技术出版社 2005.10 |
|
| 页数: | 309页 | |
| 开本: | 29×29cm | |
| 丛书名: | ||
| 单 册: | ||
| 中图分类: | TU247.3-64 | |
| 科图分类: | ||
| 主题词: | 餐厅--can ting--室内设计--北京市--2005--图集 , 室内设计--shi nei she ji | |
| 电子资源: | ||
| ISBN: | 7-5381-4559-1 | |
| 000 | 01154nam0 2200277 45 | |
| 001 | 012005000794 | |
| 005 | 20061031151853.42 | |
| 010 | @a7-5381-4559-1@b精装@dCNY258.00 | |
| 100 | @a20060313d2005 em y0chiy0121 ea | |
| 101 | 0 | @achi@aeng |
| 102 | @aCN@b210000 | |
| 105 | @aa z 001yy | |
| 200 | 1 | @a京城风韵@Ajing cheng feng yun@e2005北京最佳餐厅设计@d= A taste of regalement : optimal restaurant designs Beijing 2005@e[中英文本]@f刘圣辉摄影@g悠悠撰文@zeng |
| 210 | @a沈阳@c科学技术出版社@d2005.10 | |
| 215 | @a309页@d29×29cm | |
| 320 | @a有索引 | |
| 330 | @a本书介绍了具有东方韵味和西文韵味的餐厅设计。收录了北京翡翠皇宫酒家、茶马古道亚运村店、有璟阁、藏酷餐厅及北京浮士德法式情调餐厅等知名餐厅实例图片,并进行了介绍。 | |
| 510 | 1 | @aTaste of regalement@eOptimal restaurant designs Beijing 2005@zeng |
| 517 | 1 | @a2005北京最佳餐厅设计@A2005 bei jing zui jia can ting she ji |
| 606 | 0 | @a餐厅@Acan ting@x室内设计@y北京市@z2005@j图集 |
| 606 | 0 | @a室内设计@Ashi nei she ji |
| 690 | @aTU247.3-64@v4 | |
| 701 | 0 | @a刘圣辉@Aliu sheng hui@4摄影 |
| 702 | 0 | @a悠悠@Ayou you@4撰文 |
| 801 | 0 | @aCN@c20061031 |
| 905 | @a10447@dTU247.3-64@eL670 | |
| 京城风韵:2005北京最佳餐厅设计= A taste of regalement : optimal restaurant designs Beijing 2005:[中英文本]/刘圣辉摄影/悠悠撰文.-沈阳:科学技术出版社,2005.10 |
| 309页;29×29cm |
| ISBN 7-5381-4559-1(精装):CNY258.00 |
| 本书介绍了具有东方韵味和西文韵味的餐厅设计。收录了北京翡翠皇宫酒家、茶马古道亚运村店、有璟阁、藏酷餐厅及北京浮士德法式情调餐厅等知名餐厅实例图片,并进行了介绍。 |
| ● |
| 相关链接 |
|
|
|
正题名:京城风韵
索取号:TU247.3-64/L670
 
预约/预借
| 序号 | 登录号 | 条形码 | 馆藏地/架位号 | 状态 | 备注 |
| 1 | 632316 | 206323165 | 建筑库101/ [索取号:TU247.3-64/L670] | 在馆 |